Detalles MARC
| 000 -CABECERA |
| campo de control de longitud fija |
02003cam a22004578i 4500 |
| 001 - NÚMERO DE CONTROL |
| campo de control |
20660679 |
| 003 - IDENTIFICADOR DEL NÚMERO DE CONTROL |
| campo de control |
AR-RoIUNI |
| 005 - FECHA Y HORA DE LA ÚLTIMA TRANSACCIÓN |
| campo de control |
20251006110517.0 |
| 008 - DATOS DE LONGITUD FIJA--INFORMACIÓN GENERAL |
| campo de control de longitud fija |
180905s2019 nju b 001 0 eng |
| 010 ## - NÚMERO DE CONTROL DE LA BIBLIOTECA DEL CONGRESO |
| Número de control de LC |
2018042657 |
| 020 ## - NÚMERO INTERNACIONAL ESTÁNDAR DEL LIBRO |
| Número Internacional Estándar del Libro |
9781119167051 |
| Información calificativa |
hbk. |
| 035 ## - NÚMERO DE CONTROL DEL SISTEMA |
| Número de control de sistema |
20660679 |
| 035 ## - NÚMERO DE CONTROL DEL SISTEMA |
| Número de control de sistema |
(DNLM)101733532 |
| 040 ## - FUENTE DE LA CATALOGACIÓN |
| Centro catalogador/agencia de origen |
DNLM/DLC |
| Normas de descripción |
aarc2 |
| Centro/agencia transcriptor |
AR-RoIUNI |
| 042 ## - CÓDIGO DE AUTENTICACIÓN |
| Código de autenticación |
pcc |
| 060 10 - SIGNATURA TOPOGRÁFICA DE LA NATIONAL LIBRARY OF MEDICINE |
| Número de clasificación |
WU 17 |
| 080 ## - NÚMERO DE LA CLASIFICACIÓN DECIMAL UNIVERSAL |
| Número de la Clasificación Decimal Universal |
616.6 |
| 082 00 - NÚMERO DE LA CLASIFICACIÓN DECIMAL DEWEY |
| Número de clasificación |
617.6/044 |
| Número de edición |
23 |
| 245 00 - MENCIÓN DE TÍTULO |
| Título |
Lesiones Dentarias Traumáticas |
| Mención de responsabilidad, etc. |
Jens O. Andreasen, Frances M. Andreasen, Lars Andersson. |
| 250 ## - MENCIÓN DE EDICIÓN |
| Mención de edición |
5 edición |
| 263 ## - FECHA PROYECTADA DE PUBLICACIÓN |
| Fecha proyectada de publicación |
1810 |
| 264 #1 - PRODUCCIÓN, PUBLICACIÓN, DISTRIBUCIÓN, FABRICACIÓN Y COPYRIGHT |
| Producción, publicación, distribución, fabricación y copyright |
Hoboken, NJ : |
| Nombre del de productor, editor, distribuidor, fabricante |
Wiley-Blackwell, |
| Fecha de producción, publicación, distribución, fabricación o copyright |
2019. |
| 300 ## - DESCRIPCIÓN FÍSICA |
| Extensión |
p. ; |
| Dimensiones |
cm. |
| 336 ## - TIPO DE CONTENIDO |
| Término de tipo de contenido |
text |
| Fuente |
rdacontent |
| 336 ## - TIPO DE CONTENIDO |
| Término de tipo de contenido |
still image |
| Fuente |
rdacontent |
| 337 ## - TIPO DE MEDIO |
| Nombre/término del tipo de medio |
unmediated |
| Fuente |
rdamedia |
| 338 ## - TIPO DE SOPORTE |
| Nombre/término del tipo de soporte |
volume |
| Fuente |
rdacarrier |
| 504 ## - NOTA DE BIBLIOGRAFÍA, ETC. |
| Bibliografía, etc. |
|
| 520 ## - SUMARIO, ETC. |
| Sumario, etc. |
"Textbook and Color Atlas of Traumatic Injuries to the Teeth, Fifth Edition encompasses the full scope of acute dental trauma, including all aspects of interdisciplinary treatment. New edition of the definitive reference on dental traumatology is thoroughly revised and updated with a modern look and feel. Eight new chapters on innovative developments in the field. Contributions from world-renowned authors and editors Linked to dentaltraumaguide.org with a specific chapter on how the book complements the online guide"--Provided by publisher. |
| 650 12 - PUNTO DE ACCESO ADICIONAL DE MATERIA--TÉRMINO DE MATERIA |
| Término de materia o nombre geográfico como elemento inicial |
Injuria Dental |
| 650 22 - PUNTO DE ACCESO ADICIONAL DE MATERIA--TÉRMINO DE MATERIA |
| Término de materia o nombre geográfico como elemento inicial |
Maxillofacial Injuries |
| 650 22 - PUNTO DE ACCESO ADICIONAL DE MATERIA--TÉRMINO DE MATERIA |
| Término de materia o nombre geográfico como elemento inicial |
Periodontium |
| Subdivisión general |
injuries |
| 655 #2 - TÉRMINO DE INDIZACIÓN--GÉNERO/FORMA |
| Datos o término principal de género/forma |
Atlases |
| 700 1# - PUNTO DE ACCESO ADICIONAL--NOMBRE DE PERSONA |
| Nombre de persona |
Andreasen, J. O., |
| Término indicativo de función/relación |
editor. |
| 700 1# - PUNTO DE ACCESO ADICIONAL--NOMBRE DE PERSONA |
| Nombre de persona |
Andreasen, F. M. |
| Forma completa/desarrollada del nombre |
(Frances M.), |
| Término indicativo de función/relación |
editor. |
| 700 1# - PUNTO DE ACCESO ADICIONAL--NOMBRE DE PERSONA |
| Nombre de persona |
Andersson, Lars, |
| Fechas asociadas al nombre |
1947- |
| Término indicativo de función/relación |
editor. |
| 776 08 - ENTRADA/ENLACE A UN FORMATO FÍSICO ADICIONAL |
| Información de relación/Frase instructiva de referencia |
Online version: |
| Título |
Textbook and color atlas of traumatic injuries to the teeth |
| Edición |
Fifth edition. |
| Lugar, editor y fecha de publicación |
Hoboken, NJ : Wiley-Blackwell, 2019 |
| Número Internacional Estándar del Libro |
9781119167068 |
| Número de control del registro |
(DLC) 2018043143 |
| 906 ## - ELEMENTOS DE DATOS F LOCAL, LDF (RLIN) |
| a |
7 |
| b |
cbc |
| c |
orignew |
| d |
1 |
| e |
ecip |
| f |
20 |
| g |
y-gencatlg |
| 942 ## - ELEMENTOS DE PUNTO DE ACCESO ADICIONAL (KOHA) |
| Fuente del sistema de clasificación o colocación |
Clasificación Decimal Universal |
| Tipo de ítem Koha |
Libros |